1->Katowice Aleja Korfantego - Statystyki

Ogólne statystyki
  • Ten quiz został rozwiązany 8 razy
  • Średni wynik to 12 z 34
Statystyki odpowiedzi
Miasto Przystanek % Poprawnych
Katowice Giszowiec Osiedle
71%
Katowice Katowice Aleja Korfantego
71%
Tychy Tychy Browar
71%
Tychy Tychy Szpital Wojewódzki
71%
Tychy Czułów Szkoła
57%
Katowice Giszowiec Górniczego Stanu
57%
Katowice Kolonia Zuzanna
57%
Tychy Czułów Osiedle
43%
Katowice Katowice Francuska
43%
Katowice Murcki Dolina Murckowska
43%
Tychy Tychy Harcerska
43%
Tychy Tychy Osiedle R
43%
Tychy Czułów Astrów
29%
Tychy Czułów Droga Do Kostuchny
29%
Tychy Czułów Fabryka
29%
Tychy Czułów Leszczynowa
29%
Katowice Katowice Mariacka
29%
Katowice Katowice Szkolna
29%
Katowice Murcki Leśników
29%
Katowice Murcki Wzgórze Wandy
29%
Katowice Osiedle Paderewskiego Biblioteka Śląska
29%
Katowice Osiedle Paderewskiego Graniczna
29%
Tychy Tychy Niepodległości
29%
Tychy Tychy Osiedle K
29%
Tychy Tychy Targowisko
29%
Tychy Tychy Urząd Miasta
29%
Tychy Czułów Katowicka
14%
Tychy Tychy Hetmańska
14%
Tychy Tychy Hotelowiec
14%
Tychy Tychy Skałka
14%
Tychy Tychy Stoczniowców 70
14%
Tychy Tychy Tęcza
14%
Tychy Tychy Dmowskiego
0%
Tychy Tychy Gen. Grota-Roweckiego
0%
Nie znaleziono quizów pasujących do podanych kryteriów
Rozkład punktacji
Procent ludzi z każdym wynikiem
Percentyl według liczby udzielonych odpowiedzi
Twoja historia wyników
Nie rozwiązałeś tego quizu